000 00506nam a2200205Ia 4500
003 0100
008 130303s9999 xx 000 0 und d
040 _cARRUPELIB
050 _aJA66 .S8
100 _aSteinbicker, Paul George
245 _aReadings in political science
260 _aWestminster, Md
260 _bNewman Press
260 _C1965
300 _axiii
300 _b282p.22cm.
440 _aThe College readings series, no. 10.
700 _aPaul George Steinbicker
942 0 0 _01
999 _c16906
_d16906